000 00511nam a2200193Ia 4500
003 GCL
008 140319s9999 xx 000 0 eng d
020 _a0275481703
040 _aGCL /
_cGCL
082 0 4 _a791.456
_bH R
100 1 _aHUFF, RICHARD M .
245 1 0 _aREALITY TELEVISION /
_cHUFF, RICHARD M .
250 _aFIRST
260 _aنيويورك :
_bPRAEGER PUBLISHERS ،
_c2006
300 _a24 CM ؛
_c188 P
650 0 4 _aTELEVISION PROGRAMS
650 0 4 _aTELEVISION VIEWERS
942 _2ddc
_cBK
999 _c9309
_d9309